General intelligence (Record no. 133531)

MARC details
000 -LEADER
fixed length control field 00542nam a2200217Ia 4500
008 - FIXED-LENGTH DATA ELEMENTS--GENERAL INFORMATION
fixed length control field 210210b2008 xxu||||| |||| 00| 0 eng d
041 ## - LANGUAGE CODE
Language code of text/sound track or separate title eng
082 ## - DEWEY DECIMAL CLASSIFICATION NUMBER
Classification number 153.93 COMG
100 ## - MAIN ENTRY--PERSONAL NAME
Personal name COMPETITION SUCCESS REVIEW
245 ## - TITLE STATEMENT
Title General intelligence
Remainder of title For all competitive exams
260 ## - PUBLICATION, DISTRIBUTION, ETC.
Place of publication, distribution, etc. New Delhi
Name of publisher, distributor, etc. Competition Review Pvt. Ltd.
Date of publication, distribution, etc. 2008
300 ## - PHYSICAL DESCRIPTION
Extent 144
650 ## - SUBJECT ADDED ENTRY--TOPICAL TERM
Topical term or geographic name entry element intelligence
650 ## - SUBJECT ADDED ENTRY--TOPICAL TERM
Topical term or geographic name entry element General
650 ## - SUBJECT ADDED ENTRY--TOPICAL TERM
Topical term or geographic name entry element For
650 ## - SUBJECT ADDED ENTRY--TOPICAL TERM
Topical term or geographic name entry element exams
650 ## - SUBJECT ADDED ENTRY--TOPICAL TERM
Topical term or geographic name entry element competitive
650 ## - SUBJECT ADDED ENTRY--TOPICAL TERM
Topical term or geographic name entry element all
690 ## - LOCAL SUBJECT ADDED ENTRY--TOPICAL TERM (OCLC, RLIN)
Topical term or geographic name as entry element Intelligence
906 ## - LOCAL DATA ELEMENT F, LDF (RLIN)
a SG05048
Holdings
Withdrawn status Lost status Damaged status Not for loan Collection code Home library Current library Shelving location Date acquired Source of acquisition Cost, normal purchase price Total Checkouts Full call number Barcode Date last seen Price effective from Koha item type
          St Aloysius Library St Aloysius Library   02/17/2021 West Coast Paper & Stationers Mangalore-1 60.00   153.93 COMG SG05048 02/17/2021 02/17/2021 Special Grants